000 00430nam a2200145Ia 4500
008 240729s9999 xx 000 0 und d
022 _a2363-6033
245 0 _aJournal of Agriculture and Rural Development in the Tropics and Subtropics
260 _aGermany
260 _bKassel University Press
650 _aAgriculture
856 _uhttps://doaj.org/toc/de61b946fada4b6a9ed89b452ee8a6b2
942 _2ddc
942 _cDOAJEJ
999 _c66601
_d66601
945 _a1
_bMadushi Gamage
_c1
_dMadushi Gamage